000 00988cam a2200301 a 4500
001 000015989
005 20200929164228.0
008 820719s1979 sp 000 0 spa d
020 _a8427604939
035 _a(OCoLC)7791425
040 _aDO-SdBNP
_cAU
_dDLC
042 _alccopycat
082 _a189.5
_bA365p
100 1 _aAldrete y Soto, Luis,
_935921
245 1 0 _aPapeles sobre el agua de la vida y el fin del mundo /
_cLuis Aldrete y Soto ; edición de José Manuel Valles.
260 _aMadrid :
_bNacional,
_c1979.
300 _a455 p. ;
_c21 cm.
490 1 _aBiblioteca de visionarios heterodoxes y marginados
490 1 _aSegunda
_v6
500 _aEn la cubierta segunda serie.
650 4 _aAlquimia
_926066
650 4 _aFin del mundo
_922888
700 1 _aValles, José Manuel
_eed.
_935922
830 0 _aBiblioteca de visionarios heterodoxes y marginados ;
_935923
830 0 _aSegunda;
_v6
_934542
910 _aCatalogación por copia / LC
049 _aBNGR
999 _c15531
_d15531